Tân bách khoa thư dành cho giới trẻ

Sparad:
Bibliografiska uppgifter
Huvudupphovsman: Neil Ardley và nhiều tác giả
Materialtyp: Bok
Språk:Vietnamese
Publicerad: Lao Động 1998
Ämnen:
Taggar: Lägg till en tagg
Inga taggar, Lägg till första taggen!
Thư viện lưu trữ: Mạng thư viện Đại học Đà Nẵng
LEADER 00966nam a2200313 a 4500
001 000002287
003 00045
005 20171229145311.0
008 171229s1998 vie
040 |a LSK 
041 0 |a VIE 
082 0 |a 030  |b Tâ-B 
100 1 |a Neil Ardley và nhiều tác giả 
245 0 0 |a Tân bách khoa thư dành cho giới trẻ 
260 |b Lao Động  |c 1998 
300 |a 1567 pages  |c 20.5 cm 
653 |a Bách khoa thư 
852 |a Phòng Đọc 
901 |a 2 
927 |a Sách tham khảo 
OWN |a LSK 
AVA |a UDN50  |b LSK  |d 030 Tâ-B  |e available  |t Error 5001 Not defined in file expand_doc_bib_avail.  |f 2  |g 0  |h N  |i 0  |k 1 
999 |a From the UDN01 
AVA |a UDN50  |b LSK  |d 030 Tâ-B  |e available  |t Error 5001 Not defined in file expand_doc_bib_avail.  |f 2  |g 0  |h N  |i 0  |k 1 
TYP |a Monograph 
TYP |a Printed language 
980 |a Mạng thư viện Đại học Đà Nẵng